000 02384npm a2200625 c 4500
003 BLK
005 20240429142912.0
008 180413b bul ||m||curt||0| c0bulo|
010 _aKNG00090435000
040 _aBLK
041 _aBUL
_cBUL
080 _aИстория на музиката
_b78.03
_x(497.215)
_z78.03(497.215)
080 _aСимфоничен оркестър
_b785.11
_x(497.215)
_z785.11(497.215)
100 _aСакакушев, Димитър Енчев
_d1896 - 1984
_gБълг. юрист, общественик, муз. деец
_9353108
139 _aСакакушев, Димитър Енчев
_bС 14
245 1 0 _aМузикалното минало на гр. Русе
_bТ. 1 -
_cДимитър Енчев Сакакушев.
_nТ. 3
_p1971 - 1974
257 _aBGR
260 _c1960 -
300 _c29 см
380 _a7
500 _aМашинописно изд. - Библиогр. под линия.
650 4 _aМузикален живот - България
_9272525
653 _aРусе
653 _aсезони
653 _aЗимни музикални вечери
653 _aкамерна музика
653 _aпрограми
653 _aМартенски музикални дни
653 _aхорове
653 _aансамбли
653 _aоркестри
653 _aфестивали
653 _aММД
653 _aхор Родина
653 _aхор Дунавски вълни
653 _aконцерти
653 _aизпълнителско изкуство
653 _aкомпозитори
653 _aМладежки симфоничен оркестър
653 _aсимфонични оркестри
653 _aкамерни ансамбли
653 _aдиригенти
653 _aсолисти
653 _aтурнета
760 1 _aСакакушев, Димитър Енчев
_d1976
_gЧ. 2 . Русенска държ. филхармония
_h239 с.
_tТ. 3 1971 - 1974
852 _aЦб ІІ 6084
852 _aК 78(497.2)/С 14
856 4 _qpdf
_u
856 4 _qpdf
_u
942 _cKNG
_n0
_01
_s1
944 _aCR
_c14.03.2012
_k30540
_lСевдалина Тодорова
944 _aED
_c08.10.2015
_kВаля_Йорданова
999 _c212687
_d212687
999 _d212687
999 _d212687